000
00219 a2200097 4500
001
46731
100
_a
Johnston s
245
_a
Queen of the flat tops
260
_a
New York
_b
Nelson Doubleday
_c
090
_c
29825
_d
29825
942
_a
NUST-CAE
_c
M
_c
22030
999
_c
281804
_d
281804